000 00667nam a2200217 i 4500
001 47817
003 ES-MaACL
005 20230906161635.0
007 t|
008 930329s1991 sp afo |||| | spa d
020 _a84-7719-253-7
080 _a726.591.12.034.7(460.181)
100 1 _aLlamazares, Fernando.
_972674
245 1 3 _aEl retablo barroco en la provincia de León /
_cFernando Llamazares Rodríguez.
260 _aLeón :
_bUniversidad,
_c[1991]
300 _a403 p., lám. :
_bfot. ;
_c24 cm.
500 _aÍndices.
504 _aBibliografía: p. 385-389.
650 1 4 _aRetablos barrocos-
_zLeón (Provincia)
_9151082
852 _aES-MaACL
_jL-26386
999 _c47817
_d47817